000 00629cam a2200217 4500
001 M98989
008 090401t1999 xxu||||| |||| 00| 0 eng d
035 _a(Sirsi) u99932
041 _aeng
050 _a336.21
_c18
110 _aRoyal Institution of Chartered Surveyors
_94900
245 _aProcedures for handling appeals against non-domestic rating valuations
260 _a[S.l.]
_bRICS
_c1999
490 _aRICS Policy Unit Submission
_vPU/SUB/45
650 _aRATING APPEALS
650 _aNON-DOMESTIC RATING
650 _aRATING SYSTEM
690 _aRATING AND LOCAL TAXATION
942 _n0
948 _c03/06/1999
999 _c99528
_d99528